Portuguese cities - Sudden Death - Statistics

General Stats
  • This quiz has been taken 63 times
  • The average score is 6 of 10
Answers on the Grid
Answers color-coded by a green-red scale on the quiz's grid according to % correct below.
Braga
Faro
Gijón
Funchal
Ronda
Lucerne
Lille
Porto
Évora
Setúbal
Pula
Bastia
Viseu
Coimbra
Manaus
Ponta Delgada
Caldas de Rainha
Campinas
Curral Velho
Udine
 
Answer Stats
Answer % Correct
Porto
86%
Faro
80%
Braga
73%
Coimbra
65%
Funchal
63%
Setúbal
61%
Ponta Delgada
51%
Viseu
49%
Évora
47%
Caldas de Rainha
43%
No matching quizzes found
Score Distribution
Percent of People with Each Score
Percentile by Number Answered
Your Score History
You have not taken this quiz